| 000 | 00431nam a2200145Ia 4500 | ||
|---|---|---|---|
| 008 | 160319s9999 xx 000 0 und d | ||
| 245 | _aEncyclopedia Britannica 2013 / | ||
| 245 | _cBritannica. | ||
| 260 | _bEncyclopedia Britannica Inc. | ||
| 260 | _c2013 | ||
| 300 | _a1 DVD-ROM : | ||
| 300 | _bsound, color ; | ||
| 300 | _c4 3/4 in. | ||
| 500 | _a"3 encyclopedias in one resource: adult, student and children's"--Container. | ||
| 999 |
_c292568 _d292568 |
||